Racers who raced in the Dinoco 400 in Cars 1 - Statistics

General Stats
  • This quiz has been taken 18 times
  • The average score is 17 of 36
Answer Stats
Classification Racer Laps % Correct
3 Chick Hicks 400
100%
2 Lightning McQueen 400
100%
1 Strip Weathers 400
100%
11 Dale Earnhardt Jr 400
56%
30 Winford Bradford Rutherford 214
56%
5 Aiken Axler 400
44%
12 Billy Oilchanger 400
44%
21 Brush Curber 400
44%
36 Chuck Armstrong 195
44%
31 Claude Scruggs 198
44%
32 Darren Leadfoot 197
44%
18 Dirkson D'Agostino 400
44%
22 Ernie Gearson 400
44%
26 Eugene Carbureski 323
44%
6 Floyd Mulvihill 400
44%
23 James Cleanair 400
44%
10 Johnny Blamer 400
44%
24 Kevin Racingtire 400
44%
4 Kevin Shiftright 400
44%
35 Lee Revkins 195
44%
13 Mac iCar 400
44%
28 Manny Flywheel 214
44%
7 Murray Clutchburn 400
44%
15 Ponchy Wipeout 400
44%
9 Ralph Carlow 400
44%
20 Rusty Cornfuel 400
44%
19 Sage VanDerSpin 400
44%
16 Todd Marcus 400
44%
8 Crusty Rotor 400
33%
14 Davey Apex 400
33%
34 Haul Inngas 195
33%
29 Misti Motorkrass 214
33%
33 Ruby Oaks 195
33%
17 Ryan Shields 400
33%
25 Slider Petrolski 400
33%
27 Greg Candyman 278
22%
No matching quizzes found
Score Distribution
Percent of People with Each Score
Percentile by Number Answered
Your Score History
You have not taken this quiz